000 00786nam a22002297a 4500
005 20240530110557.0
008 160317s2013 su ak g 000 0 ara d
017 _a1433/4749
_bالسعودية . مكتبة الملك فهد الوطنية
020 _a9786030100736
040 _aEG-CaGPL
082 0 4 _221
_a303.483\
_bخ م
100 0 _aخالد بن محمد العمارى
245 1 0 _aماذا بعد تويتر وفيس بوك ؟ /
_cخالد بن محمد العمارى
250 _aط1
260 _aالسعودية :
_b العبيكان للنشر ،
_c2013 .
300 _a152 ص :
_bايض ؛
_c19 سم .
650 0 4 _aالانترنت
650 0 4 _aتويتر
650 0 4 _aفيسبوك
942 _2ddc
_cBK
999 _c62594
_d62594